00561nam a22001457a 4500003000400000005001700004008004100021020001500062040002900077100004700106245002600153260005300179300000900232650017400241OSt20250826155317.0250826b |||||||| |||| 00| 0 eng d a0252060202 cChuka University Library aWhitten S. Dorothea ,Whitten E. Norman ,JR aFrom Myth To Creation aIlinois ,USAbUniversity Of Illinois Pressc1988 a64p. a1.Canelos Indians...Religion and Art....Exhibitions 2.Canelos Indians ...Art...Exhibitions 3.Indians of South America...Ecuador....Religion And Mythology....Exhibitions